Memòria final : 23 Conferència i Assemblea General AIECS/IAMCR/AIERI : comunicació intercultural : Barcelona, del 21 al 26 de juliol de 2002 23 Conferència i Assemblea General AIECS/IAMCR/AIERI :
Descripción Física:
43 p. ; 30 cm
Materias:
Comunicació intercultural -- Congressos
MARC
| LEADER | 00000nam a2200000Ia 4500 | ||
|---|---|---|---|
| 001 | 14931 | ||
| 003 | BGR | ||
| 005 | 20260324175340.0 | ||
| 008 | 160829s2002 xx 000 0 cat d | ||
| 080 | |a M-4-71 | ||
| 111 | |a Conference and General Assembly AIECS/IAMCR/AIERI |9 71054 |c (Barcelona : |d 2002) | ||
| 245 | |a Memòria final : |b 23 Conferència i Assemblea General AIECS/IAMCR/AIERI : |b comunicació intercultural : |b Barcelona, del 21 al 26 de juliol de 2002 | ||
| 260 | |a Bellaterra : |b INCOM, UAB, |c 2002 | ||
| 300 | |a 43 p. ; |c 30 cm | ||
| 590 | |a Annex: autors i ponències | ||
| 650 | |a Comunicació intercultural |x Congressos |9 28356 | ||
| 710 | 2 | |a International Association for Media and Communication Research |9 71055 | |
| 710 | |a Universitat Autònoma de Barcelona |9 17832 |b Institut de la Comunicació | ||
| 901 | |a Arxiu | ||
| 942 | |n 1 |2 udc |c MON | ||
| 952 | |0 0 |1 0 |4 0 |6 M471 |7 1 |9 44785 |a Arxiu |b Arxiu |d 2016-12-01 |l 0 |o M-4-71 |p 14931 |r 2016-12-01 00:00:00 |w 2016-12-01 |y ARXIU | ||
| 999 | |c 47369 |d 47369 | ||